000 00645nam a22002177a 4500
005 20251108173723.0
008 250721s9999 xx 000 0 ara d
082 1 4 _aط/372.2/قنب
100 1 _aقنبر، مصباح عبدالله
245 1 0 _aالبداية ... إلى القراءة والكتابة /
264 1 _aعمان :
_bالمؤلف،
_c(19-).
300 _a58ص.
490 0 _aلون و تعلم
650 1 7 _aتعلم
650 1 7 _aالقرااه
650 1 7 _aالكتابه
650 1 7 _aالتعليم الاساسي
653 _aمرحله متوسطه (6-9)سنوات
942 _2ddc
_cBK
999 _c110783
_d110783